000
00341nam a22001457a 4500
020
_a
978-93-88548-86-1
041
_a
ENG
100
_a
Basu.D.D
245
_a
Introduction to The Constition of India
250
_a
24 Th Edition
260
_a
New Delhi
_b
LexisNexis
_c
2020
300
_a
556
650
_a
UPSC
856
_u
Competitive Exam
999
_c
211
_d
211